000 00617nam a2200241 a 4500
001 nice12345678
003 IN_TiNIC
005 20260116013604.0
008 050524s1985 masa grp 000 0 eng
020 _a
_c490
082 0 0 _a720.954
_bBRA
100 _aBrand, Michael
245 _aFatehpur Sikri
_b a Source Book
260 _aMassachusetts
_bAga Khan Programme for Islamic Architect
_c1985
300 _a333p
500 _aincludes index and biblioraphy
505 2 _aIndex
650 _aArchitecture-Mughal
650 _aArchitecture-Islamic
902 _bSRS
942 _cBK
999 _c11568
_d11568